000 00610nam a22001937a 4500
999 _c182572
_d182572
005 20211123120240.0
010 _aUR-11341
020 _c98.00
_a9789390533831
035 _aU-9896
037 _bDBAD/PUB
082 _a840.92
100 _aصبيحہ گلنا ر
245 _aفر حت آ پا
_cصبيحہ گلنا ر
246 _aFarhat Aapa (Khake)(Urdu)
_bby Sabiha Gulnar
260 _aN.Delhi
_c2020 ء
_bEducational Publishing House
270 _aD1/16,Ansari Road,Darya Ganj,
_bNew Delhi
_e110002
_l -
300 _a144 ص
_c22 Cm(Hb)
942 _2ddc
_cUR
_h840.92
_mص ب ی